[Event "3rd Memorial Hulak 2018"]
[Site "Zagreb"]
[Date "2018.12.04"]
[Round "3.9"]
[White "Yankelevich, Lev"]
[Black "Pandurevic, Miro"]
[Result "1-0"]
[WhiteElo "2441"]
[BlackElo "2233"]
[Annotator "TA"]
[PlyCount "69"]
[EventDate "2018.11.26"]
[EventCountry "CRO"]
[SourceTitle "playchess.com"]
[Source "ChessBase"]
[SourceQuality "1"]

{[%evp 11,69,19,27,10,16,-5,-8,-8,0,-17,1,-16,-2,-14,-4,-28,-24,-32,-28,-21,-28,-31,-39,-42,-32,-32,-14,-14,-13,-18,-14,-13,34,-27,45,47,33,33,89,107,106,109,99,111,101,100,1130,1073,924,899,1674,1572,5506,5506,5210,2548,1504,490,524,502]} 1. d4 d6 2. e4 g6 3. Nf3 Bg7 4. Bd3 e5 5. c3 Nc6 6. Bb5 {B06: Modern Defence} (6. d5 Nce7 7. c4 f5 8. Nc3 Nf6 9. h3 h6 10. Be3 O-O 11. Qe2 c6 12. dxc6 bxc6 13. Rd1 f4 {½-½ (46) Grischuk,A (2766)-Nakamura,H (2769) Leuven 2018}) 6... Bd7 {LiveBook: 3 Games} 7. dxe5 $146 ({Predecessor:} 7. Bg5 Nge7 8. d5 Nb8 9. Qb3 O-O 10. Bxd7 Nxd7 11. Nfd2 f5 12. f3 Nc5 13. Qc2 fxe4 14. fxe4 {0-1 (41) Domont,A (2370)-Schmidt Schaeffer,S (2368) Switzerland 2013}) 7... Nxe5 8. Bxd7+ {The position is equal.} Qxd7 9. Nxe5 Bxe5 10. O-O Ne7 11. Nd2 {[%cal Bb1d2,Bd2f3,Bf3g5][%mdl 32]} O-O-O 12. Nf3 Bg7 13. Ng5 Nc6 14. Qd5 Rdf8 15. Be3 h6 16. Nf3 f5 {[%cal Bf7f5,Bf5f4][%mdl 32]} 17. Rad1 {[%cal Ba1d1,Bd1d4,Bd4b4,Bb4b6,Bb6c6][%mdl 32]} f4 18. Bd4 g5 19. Bxg7 Qxg7 20. Nd4 Nxd4 21. Rxd4 f3 22. gxf3 (22. Rb4 $14 c5 23. Ra4) 22... g4 (22... Kb8 $11) 23. f4 $1 $36 {[%mdl 2048] White is more active.} Rxf4 24. Rb4 c6 (24... c5 $14 25. Qxd6 Qc7 26. Qe6+ Kb8) 25. Qxd6 $16 Rf6 26. Qd4 Kb8 27. Qe5+ Kc8 28. Qa5 {e5 is the strong threat.} b6 $2 {[%mdl 8192] [#]} (28... a6 $16) 29. Rxb6 $1 $18 {[%mdl 512] Intending Qa6+ and mate.White is clearly winning.} Rf7 (29... axb6 30. Qa8+) 30. Rxc6+ Kb8 31. Rd1 {White threatens Rd8+ and mate.} Rd7 32. Rxd7 {[%mdl 64] Overworked Piece} Qxd7 33. Qe5+ {[%mdl 64] Double Attack} Kb7 34. Qb5+ Ka8 35. Qd5 {Accuracy: White = 57%, Black = 40%.} 1-0

[Event "3rd Memorial Hulak 2018"]
[Site "Zagreb"]
[Date "2018.12.04"]
[Round "3.10"]
[White "Bozinovic, Bogdan"]
[Black "Tica, Sven"]
[Result "1/2-1/2"]
[WhiteElo "2237"]
[BlackElo "2439"]
[Annotator "TA"]
[PlyCount "101"]
[EventDate "2018.11.26"]
[EventCountry "CRO"]
[SourceTitle "playchess.com"]
[Source "ChessBase"]
[SourceQuality "1"]

{[%evp 21,101,-1,0,-16,-16,-60,-56,-62,-53,-52,-52,-64,-60,-86,-37,-41,-39,-53,0,0,0,0,0,0,0,0,1,0,12,16,16,16,16,12,11,0,18,4,18,12,18,18,28,15,21,14,14,15,15,0,10,6,18,10,18,18,25,25,29,0,0,0,0,0,0,0,0,0,337,326,333,315,319,294,307,319,310,295,290,0,221,221]} 1. d4 d5 2. c4 e6 3. Nc3 a6 4. e3 Nf6 5. Nf3 c5 6. a3 dxc4 7. Bxc4 b5 8. Bd3 Nbd7 9. O-O Bb7 10. Qe2 Be7 11. Rd1 Qb6 {LiveBook: 9 Games} 12. Bb1 {D48: Semi-Slav: Meran System: 7...b5 8 Bd3 a6} (12. Bc2 O-O 13. dxc5 Nxc5 14. e4 Rfd8 15. Bg5 h6 16. Bh4 Qc7 17. Bg3 Qb6 18. b4 Ncd7 19. e5 Nh5 {0-1 (44) Kogan,A (2547)-Ladva,O (2497) Puhajarve 2018}) 12... O-O 13. Ne5 $146 ({Predecessor:} 13. dxc5 Nxc5 14. Nd4 Rfd8 15. Ba2 Rac8 16. Bd2 Nfe4 17. Be1 Bf6 18. f3 Nxc3 19. Bxc3 Na4 {1-0 (29) Guerra,J (1788)-Cubas Pons,J (2251) Lisbon 2014}) 13... Rfd8 14. Nxd7 {Black is slightly better.} Rxd7 15. dxc5 Rxd1+ 16. Nxd1 Qxc5 17. b4 Qd5 {[%csl Gb7][%cal Rd5g2] [#]} (17... Qc7 {feels hotter.} 18. h3 Rd8 19. Bb2 Bd6 20. Bc2 Bh2+) 18. f3 Rd8 19. Nf2 h5 (19... Bd6 $15 20. Ra2 Qh5) 20. Ba2 $36 {[%mdl 2048] White has some pressure.} Qd6 21. e4 {[#] aiming for e5.} Nd7 22. Be3 Qe5 23. Rc1 Rc8 24. Qd2 Qd6 25. Rxc8+ Bxc8 26. Qxd6 Bxd6 27. Nd3 Kf8 28. g3 Ke7 29. Kf2 Bb7 30. Bd4 e5 31. Be3 f6 32. Bb3 g5 33. Nc5 Nxc5 34. bxc5 {[%mdl 4096] Endgame KBB-KBB} Bc7 35. Ke2 Bc8 36. Bd5 a5 37. Bd2 Bd7 38. Kd3 Kd8 39. Bf7 h4 40. g4 Kc8 41. h3 Kb7 42. Bd5+ Ka6 43. Kc3 Bd8 44. Be3 a4 $2 {[%mdl 8192]} (44... Be8 $11) 45. c6 $18 Ba5+ 46. Kb2 Be8 {intending ...Bb6.} 47. Bc5 Bd8 48. Kc3 Ka5 49. Kc2 Ka6 50. Kc3 Ka5 $1 51. Kd3 {Accuracy: White = 51%, Black = 64%.} 1/2-1/2

[Event "3rd Memorial Hulak 2018"]
[Site "Zagreb"]
[Date "2018.12.04"]
[Round "3.11"]
[White "Tomazini, Zan"]
[Black "Lalic, Kristijan"]
[Result "1-0"]
[WhiteElo "2437"]
[BlackElo "2203"]
[Annotator "TA"]
[PlyCount "103"]
[EventDate "2018.11.26"]
[EventCountry "CRO"]
[SourceTitle "playchess.com"]
[Source "ChessBase"]
[SourceQuality "1"]

{[%evp 18,103,0,-17,12,0,8,20,6,0,0,0,1,12,12,0,0,0,0,-16,-22,-23,-36,-16,-23,-31,12,12,14,10,10,12,15,9,58,53,88,84,122,60,60,24,25,50,29,1,3,0,10,0,0,0,0,0,0,0,0,0,0,0,0,0,0,0,68,68,68,42,104,101,283,42,391,365,382,348,279,279,279,279,535,535,535,469,886,787,1311,1180]} 1. e4 c6 2. d4 d5 3. exd5 cxd5 4. c4 Nf6 5. Nc3 Nc6 6. Bg5 Be6 7. Be2 Qa5 {B13: Caro-Kann: Exchange Variation and Panov-Botvinnik Attack} 8. c5 (8. Bf3 dxc4 9. d5 O-O-O 10. Bd2 Nxd5 11. Nxd5 Rxd5 12. Bxd5 Qxd5 13. Nf3 Bf5 14. O-O e6 15. b3 Bd3 16. bxc4 Qf5 17. Re1 Bc5 18. Be3 Bb4 19. Bd2 Bc5 20. Be3 Bb4 21. Bd2 Bc5 22. Be3 {½-½ (22) Safarli,E (2664)-Karjakin,S (2779) Shamkir 2016}) 8... Ne4 9. Nf3 g6 10. O-O {LiveBook: 3 Games} Rd8 11. Bd2 {And now Nxe4 would win.} Nxd2 12. Qxd2 Bg7 13. a3 Qc7 14. h3 O-O $146 ({Predecessor:} 14... Bf5 15. Bd3 Bxd3 16. Qxd3 {1-0 (54) Balakrishnan,P (2157)-Miyasaka,M (1937) Durban 2014}) 15. b4 a6 16. Bd1 Bf5 17. Re1 e5 18. Nxe5 Nxe5 19. dxe5 d4 20. Ne4 {Nd6 is the strong threat.} Bxe5 21. Bb3 Kg7 22. Nd6 {[%mdl 64] Decoy} Bxd6 23. Qxd4+ {[%mdl 64] Double Attack} Kg8 {aiming for ...Bh2+.} 24. cxd6 Rxd6 25. Qe5 Qb6 26. Rad1 Rxd1 27. Rxd1 Rd8 28. Rc1 (28. Kh2 $16) 28... Be6 $14 29. Qf6 Re8 30. Bd5 Qb5 31. Rc5 Qd7 $132 {[%mdl 2048] Black puts up resistance} 32. Bf3 Rc8 33. Qf4 b6 34. Rxc8+ Qxc8 35. Qd6 Qc1+ 36. Kh2 Qxa3 37. Qxb6 Qa2 38. Qb8+ Kg7 39. Qe5+ Kg8 40. Qd4 Qc4 (40... Qc2 $11) 41. Qxc4 Bxc4 {[%mdl 4096] Endgame KB-KB} 42. Kg3 Kf8 (42... f6 $14) 43. Kf4 $16 Ke7 $2 {[#]} (43... f6 $16) 44. Ke5 $2 ({Only move:} 44. Kg5 $1 $18) 44... Bb5 $2 {[%mdl 8192]} (44... f6+ $14 45. Kd4 Bf1) 45. h4 $18 f6+ {[#]} 46. Kd5 $1 {[%cal Rd5c5]} Kd7 47. Kc5 Kc7 48. Be4 Bd7 $2 (48... f5) 49. Bd3 {White is clearly winning.} Bc8 50. g3 Bb7 {[#]} (50... f5 $142 51. f4 Kb8) 51. h5 $1 {[%cal Bh4h5,Bh5h6][%mdl 544]} f5 (51... gxh5 52. Bxh7) 52. h6 {Accuracy: White = 57%, Black = 44%.} 1-0

[Event "3rd Memorial Hulak 2018"]
[Site "Zagreb"]
[Date "2018.12.02"]
[Round "3.12"]
[White "Bedic, Zeljko"]
[Black "Rakotomaharo, Fy Antenaina"]
[Result "0-1"]
[WhiteElo "2192"]
[BlackElo "2429"]
[Annotator "TA"]
[PlyCount "106"]
[EventDate "2018.11.26"]
[EventCountry "CRO"]
[SourceTitle "playchess.com"]
[Source "ChessBase"]
[SourceQuality "1"]

{[%evp 19,106,25,18,10,16,15,20,0,0,-18,-12,-18,19,-43,-54,-62,-54,-52,-30,-30,0,0,0,0,0,0,0,0,0,0,59,67,133,86,47,0,48,47,299,-24,57,0,0,-52,0,-230,-125,-206,-206,-206,-212,-198,-205,-237,-243,-233,-194,-200,-198,-208,-204,-210,-207,-209,-211,-215,-198,-304,-299,-260,-301,-464,-455,-479,-476,-552,-539,-540,-546,-611,-612,-656,-608,-1134,-1147,-942,-699,-684,-684]} 1. c4 Nf6 2. Nc3 d5 3. cxd5 Nxd5 4. g3 g6 5. Bg2 Nb6 6. Nf3 Bg7 7. O-O Nc6 {A16: English Opening: 1...Nf6 with ...d5} 8. b3 (8. d3 O-O 9. Be3 h6 10. Qc1 Kh7 11. Rd1 Be6 12. Ne4 Qc8 13. Qc2 Rd8 14. a3 a5 15. Bd2 Bd5 16. Bc3 e5 17. b4 Nd4 18. Bxd4 exd4 {0-1 (32) Kveinys,A (2511)-Lagarde,M (2587) Reykjavik 2018}) 8... O-O 9. Bb2 e5 10. d3 Re8 {LiveBook: 4 Games} 11. Qc1 a5 $146 {[%cal Ba7a5,Ba5a4][%mdl 32]} ({Predecessor:} 11... Nd4 12. Nd2 c6 13. h3 f5 14. Nc4 Nd5 {½-½ (25) Bex,L (1837)-Daels,M (2213) Antwerp 2013}) 12. Nd2 h5 13. Nb5 a4 14. b4 Bg4 15. Re1 Qd7 16. Nxc7 (16. a3 $11) 16... Qxc7 $15 17. b5 {[#]} a3 $1 {[%cal Ra3b2]} 18. Bxa3 {[#]} Rxa3 $1 {[%mdl 512]} 19. bxc6 (19. Qxa3 Nd4) 19... Ra5 20. cxb7 Rc5 21. Qa3 Nd5 22. Rab1 Rb8 23. Ne4 $1 Rc2 24. Qb3 Nf6 (24... Be6 $11 25. Ng5 Rc5) 25. a4 $1 $14 {[%mdl 1024] White has compensation.} Be6 (25... Bxe2 26. a5 $1 $16 {[%mdl 512]}) ({Better is} 25... Nxe4 $1 $14 26. Bxe4 Rc5) 26. Qb6 {Strongly threatening Qxc7.} Nd5 27. Qa7 Bh6 28. Rb5 {Hoping for Nc5.} Rc1 $2 {[%mdl 8192]} (28... Bf8 $1 $14) 29. Rb1 $2 (29. Rxc1 $18 Qxc1+ 30. Bf1) 29... Rc2 (29... Rxe1+ $11 30. Rxe1 Rxb7 31. Nf6+ Nxf6 32. Qxb7 Qc3) 30. d4 (30. a5 $14) 30... exd4 $11 {Threatens to win with ...Nc3.} 31. Qxd4 (31. a5 $11) 31... Rc4 $1 $36 {[%cal Rc4d4][%mdl 2048] Black has the initiative.} 32. Qd1 $2 {[#]} (32. Qa7 $11) 32... Bg7 (32... Rxb7 33. Rxb7 Qxb7 {[#]} 34. Nf6+ $1 {[%mdl 512]} Kh8 35. Bxd5 $16 (35. Nxd5 $2 Rc1 $17)) (32... Ne3 $1 $19 {[%cal Re3d1][%mdl 512]} 33. Qd6 (33. fxe3 $2 Bxe3+ 34. Kh1 Rd4 $19) 33... Nxg2 34. Qxc7 Rxc7 35. Kxg2 Rcxb7 36. Rxb7 Rxb7) 33. Rb5 (33. e3 $17) 33... Nc3 $19 ({Don't do} 33... Rxb7 34. Rxd5 Bxd5 35. Qxd5 $17) 34. Nxc3 Bxc3 ({Weaker is} 34... Rxc3 35. a5 $15) 35. Rf1 Bd7 36. Rd5 Bxa4 37. Qd3 Bg7 38. Rd6 Rc3 39. Qa6 {[#]} Bb5 $1 {[%cal Rb5a6][%mdl 512]} 40. Qb6 (40. Qxb5 Qxd6) 40... Bxe2 {aiming for ...Qxb6.} 41. Qxc7 Rxc7 42. Re1 Bf8 43. Rd4 (43. Rb6 {is a better defense.} Bd3 44. h3) 43... Ba6 44. Rb1 Bxb7 {And now ...Bc8 would win.} 45. Rd2 (45. Rdd1 $142) 45... Bc8 {Black is clearly winning.} 46. Rbd1 (46. Rxb8 {leads to mate.} Rc1+ 47. Bf1 Bh3 48. Rxf8+ Kxf8 49. Rd8+ Kg7 50. Rg8+ Kxg8 51. Kh1 Rxf1#) 46... Bg4 47. f3 Be6 48. h3 Bh6 49. f4 {[#]} h4 $1 {[%cal Bh5h4,Bh4g3][%mdl 32]} 50. Kf2 (50. gxh4 Bxf4) 50... Rc3 51. Rd3 Rb2+ 52. Kg1 Rxd3 53. Rxd3 hxg3 {Accuracy: White = 35%, Black = 54%.} 0-1

[Event "3rd Memorial Hulak 2018"]
[Site "Zagreb"]
[Date "2018.12.04"]
[Round "4.1"]
[White "Yankelevich, Lev"]
[Black "Kozul, Zdenko"]
[Result "0-1"]
[WhiteElo "2441"]
[BlackElo "2601"]
[Annotator "RC"]
[PlyCount "112"]
[EventDate "2018.11.26"]
[EventCountry "CRO"]
[SourceTitle "playchess.com"]
[Source "ChessBase"]
[SourceQuality "1"]

1. d4 Nf6 2. Bg5 c6 3. Bxf6 gxf6 4. e3 Qb6 5. Qc1 e5 6. Nf3 e4 7. Nh4 f5 8. g3 Be7 9. Ng2 d5 10. Nf4 Bg5 11. c4 Bxf4 12. gxf4 Be6 13. Rg1 Nd7 14. cxd5 cxd5 15. Nc3 Ke7 16. Qd2 Rhg8 17. Rg3 Rgc8 18. Qc2 a5 19. Qb3 Qb4 20. Rg7 Nf6 21. Be2 Bd7 22. Kf1 Qxb3 23. axb3 b5 24. Bd1 h6 25. h3 b4 26. Na4 Bxa4 27. bxa4 b3 28. Rg1 Rab8 29. Ke2 Rb4 30. Re1 Nd7 31. Ra3 Rcb8 32. Kd2 Kd6 33. Rg1 Nb6 34. Rxb3 Nc4+ 35. Kc3 Nxb2 36. Rxb4 Rxb4 37. Bb3 Nxa4+ 38. Bxa4 Rxa4 39. Rg7 Ke7 40. Rh7 Ra2 41. Rxh6 Rxf2 42. Ra6 Re2 43. Rxa5 Rxe3+ 44. Kb4 Rf3 45. Rxd5 Rxf4 46. Re5+ Kf6 47. Re8 Rh4 48. d5 Rxh3 49. d6 Rd3 50. Kc5 e3 51. Kc6 f4 52. d7 Kf5 53. Kc7 Kg4 54. d8=Q Rxd8 55. Kxd8 f5 56. Kd7 f3 0-1

[Event "3rd Memorial Hulak 2018"]
[Site "Zagreb"]
[Date "2018.12.03"]
[Round "4.2"]
[White "Rakotomaharo, Fy Antenaina"]
[Black "Martinovic, Sasa"]
[Result "0-1"]
[WhiteElo "2429"]
[BlackElo "2554"]
[Annotator "TA"]
[PlyCount "66"]
[EventDate "2018.11.26"]
[EventCountry "CRO"]
[SourceTitle "playchess.com"]
[Source "ChessBase"]
[SourceQuality "1"]

{[%evp 14,66,24,11,5,19,19,8,11,0,0,0,0,0,0,0,0,0,0,0,8,10,28,-34,-53,-169,-176,-303,-303,-297,-294,-405,-403,-398,-405,-437,-458,-469,-462,-472,-458,-406,-464,-443,-448,-490,-485,-487,-476,-631,-616,-693,-593,-545,-455]} 1. e4 c5 2. Nf3 d6 3. d4 cxd4 4. Nxd4 Nf6 5. Nc3 a6 6. h4 {B90: Sicilian Najdorf: Unusual White 6th moves, 6 Be3 Ng4 and 6 Be3 e5} (6. Bg5 e6 7. f4 Qb6 8. Nb3 Nbd7 9. Qe2 Qc7 10. O-O-O b5 11. a3 Be7 12. g4 h6 13. Bh4 Rb8 14. Be1 g5 15. f5 Ne5 16. h4 Nfxg4 17. hxg5 Bxg5+ 18. Bd2 {1-0 (64) Grischuk,A (2769)-Vachier Lagrave,M (2780) Douglas 2018}) 6... e5 7. Nb3 Be6 8. f4 {LiveBook: 37 Games. White has an edge.} g6 9. Be2 Nc6 10. g4 h6 11. f5 $146 ({Predecessor:} 11. g5 Ng8 12. Nd5 Bg7 13. c3 Nce7 {0-1 (28) Yeritsyan,A (2325)-Paravyan,D (2629) St Petersburg 2018}) 11... gxf5 12. gxf5 Bxb3 $1 13. axb3 Qb6 14. Kf1 Rg8 15. Ra4 d5 $40 {[%mdl 128] Black mounts an attack.} 16. Nxd5 Nxd5 17. exd5 Nd4 18. Bd3 ({White should play} 18. Be3 $11 Bc5 19. Bxd4 exd4 20. Qd3) 18... Qf6 $15 19. Rxd4 (19. Ke1 $15) 19... exd4 $19 20. Bf4 (20. Qf3 $142) 20... Bd6 21. Qf3 O-O-O 22. Kf2 Bxf4 23. Qxf4 h5 24. Be2 Rxd5 25. Bf3 Qxf5 26. Qe4 Qxe4 27. Bxe4 {[%mdl 4096] Endgame KRR-KRB} Re5 28. Bd3 {Black is clearly winning.} Rg4 29. Rh3 Kd8 30. Rf3 Ke7 31. Bc4 f6 32. Rh3 Rf4+ 33. Kg2 Ree4 {Accuracy: White = 42%, Black = 100%.} 0-1

[Event "3rd Memorial Hulak 2018"]
[Site "Zagreb"]
[Date "2018.12.03"]
[Round "4.3"]
[White "Kotronias, Vasilios"]
[Black "Tomazini, Zan"]
[Result "1/2-1/2"]
[WhiteElo "2482"]
[BlackElo "2437"]
[Annotator "TA"]
[PlyCount "95"]
[EventDate "2018.11.26"]
[EventCountry "CRO"]
[SourceTitle "playchess.com"]
[Source "ChessBase"]
[SourceQuality "1"]

{[%evp 15,95,29,41,37,32,15,12,25,41,38,46,62,69,71,73,73,94,77,93,91,84,25,24,25,50,40,52,14,26,0,0,0,0,-15,-5,-34,0,0,0,0,0,-12,-12,-10,-15,-12,0,7,25,38,81,47,46,16,45,0,0,0,0,0,0,0,0,-8,-7,-8,-8,-10,8,-1,21,6,47,37,44,34,47,13,21,14,18,0]} 1. e4 e5 2. Nf3 Nc6 3. Bb5 {[%cal Bf1b5,Bb5a4,Ba4b3,Bb3a2][%mdl 32]} a6 4. Ba4 b5 5. Bb3 g6 6. d4 {C70: Ruy Lopez: 3...a6 4 Ba4, Norwegian and Delayed Schliemann} exd4 7. Nxd4 Na5 8. a4 (8. O-O Bg7 9. Re1 Ne7 10. e5 O-O 11. Bg5 c5 12. Bd5 Rb8 13. Nb3 Nxb3 14. axb3 {0-1 (31) Kramnik,V (2792)-Mamedyarov,S (2808) Paris 2018}) 8... b4 $1 {LiveBook: 10 Games} 9. Ba2 Bg7 10. O-O Ne7 11. c3 c5 12. cxb4 cxd4 13. bxa5 {[#]} d5 $146 ({Predecessor:} 13... Qxa5) 14. Qf3 {[%cal Re4d5]} Be6 15. Bg5 {[#] aiming for Bxe7.} dxe4 16. Qxe4 {Black must now prevent Re1.} Bxa2 17. Rxa2 {And now Bxe7 would win.} f6 {[#]} 18. Bf4 ({White should play} 18. Bd2 $1 $16) 18... f5 19. Qf3 Qd5 20. Nd2 {[%cal Bb1d2,Bd2c4,Bc4b6][%mdl 32]} O-O 21. Ra3 Qxa5 22. Nc4 Qd5 $36 {[%mdl 2048] Black has good play.} 23. Nb6 Qxf3 24. gxf3 Ra7 25. Rc1 Rd8 26. Bc7 Re8 27. f4 Nc8 {Hoping for ...Rxc7!} 28. a5 Rb7 29. Rd3 Na7 30. Rc5 Nb5 31. Be5 Bxe5 32. fxe5 g5 33. Nc4 Re6 34. Rd5 Rbe7 35. f4 gxf4 36. Rd8+ Re8 37. Rxe8+ Rxe8 $11 {[%mdl 4096] Endgame KRN-KRN} 38. Kf2 Kf7 39. Kf3 Ke6 40. Kxf4 Rg8 41. Rh3 Rg4+ 42. Kf3 Kd5 43. b3 d3 44. Ke3 $1 ({Not} 44. Ne3+ $2 Kxe5 45. Nxg4+ fxg4+ 46. Kxg4 Ke4 $19) 44... Nd4 45. Kxd3 Rf4 46. Ne3+ Kxe5 47. Nc4+ Kd5 48. Ne3+ {Accuracy: White = 58%, Black = 69%.} 1/2-1/2

[Event "3rd Memorial Hulak 2018"]
[Site "Zagreb"]
[Date "2018.12.04"]
[Round "4.5"]
[White "Livaic, Leon"]
[Black "Sulava, Nenad"]
[Result "1/2-1/2"]
[WhiteElo "2474"]
[BlackElo "2425"]
[Annotator "RC"]
[PlyCount "58"]
[EventDate "2018.11.26"]
[EventCountry "CRO"]
[SourceTitle "playchess.com"]
[Source "ChessBase"]
[SourceQuality "1"]

1. d4 e6 2. c4 Bb4+ 3. Nd2 b6 4. a3 Bxd2+ 5. Qxd2 Bb7 6. Nf3 f5 7. e3 Nf6 8. Be2 O-O 9. O-O d6 10. b4 Nbd7 11. Bb2 Ne4 12. Qc2 Rf6 13. d5 Rh6 14. Rad1 e5 15. g3 c6 16. Nh4 Rxh4 17. gxh4 Qxh4 18. f3 Ng3 19. Rf2 Nxe2+ 20. Rxe2 Qg5+ 21. Kh1 cxd5 22. cxd5 Rc8 23. Qd3 Qh5 24. e4 Qh3 25. Re3 Nf6 26. f4 fxe4 27. Rxh3 exd3 28. Rhxd3 Ne4 29. fxe5 Nf2+ 1/2-1/2

[Event "3rd Memorial Hulak 2018"]
[Site "Zagreb"]
[Date "2018.12.04"]
[Round "4.6"]
[White "Nikolov, Momchil"]
[Black "Biti, Ozren"]
[Result "1-0"]
[WhiteElo "2567"]
[BlackElo "2369"]
[Annotator "TA"]
[PlyCount "115"]
[EventDate "2018.11.26"]
[EventCountry "CRO"]
[SourceTitle "playchess.com"]
[Source "ChessBase"]
[SourceQuality "1"]

{[%evp 18,115,25,43,30,32,76,93,90,80,71,64,62,62,94,99,103,98,120,76,80,80,81,80,94,110,107,104,117,125,152,151,193,184,164,198,195,183,250,250,293,287,300,266,308,304,363,356,487,485,477,477,481,458,522,424,533,510,544,544,989,927,986,1012,902,758,916,909,1439,865,715,708,1448,1466,1363,1258,1274,1193,1056,1023,2301,2127,1456,1679,5648,5069,4377,3419,2173,1500,29977,29978,29978,1715,29980,29979,29979,29980,29982,29981]} 1. d4 d6 2. c4 e5 3. Nc3 exd4 4. Qxd4 Nc6 5. Qd2 Nf6 6. Nf3 {[%cal Bg1f3,Bf3h4,Bh4f3][%mdl 32]} g6 7. b3 Bg7 8. Bb2 O-O {A21: English Opening: 1...e5 2 Nc3} 9. g3 Bf5 10. Nh4 {LiveBook: 3 Games} Be6 {White is slightly better.} 11. Bg2 h6 $146 ({Predecessor:} 11... a5 12. O-O a4 13. Nd5 Ne5 14. Rfd1 c6 15. Ne3 axb3 16. axb3 {½-½ (32) Magem Badals,J (2552)-Peralta,F (2569) Barcelona 2015}) 12. O-O g5 {[#]} 13. Nf3 $1 d5 14. cxd5 Nxd5 15. Nxd5 Bxd5 16. Bxg7 Kxg7 17. Rfd1 {[#] Threatens to win with Qc3+.} Bxf3 18. Bxf3 Qxd2 19. Rxd2 Rfd8 20. Rc2 Nd4 21. Rxc7 {Bh5 is the strong threat.} Nxf3+ 22. exf3 $16 {[%mdl 4096] Endgame KRR-KRR} b5 23. Re1 Rdc8 24. Rb7 Rcb8 25. Ree7 Rxb7 26. Rxb7 $18 {KR-KR} a6 27. Rb6 f6 (27... h5 $142 28. f4 gxf4 29. gxf4 f6) 28. g4 Ra7 29. Kg2 Ra8 30. Kg3 Ra7 31. h4 {[%cal Bh2h4,Bh4h5][%mdl 32]} Ra8 32. h5 a5 33. Rb7+ Kg8 34. Rxb5 a4 35. Rb6 Kg7 36. Rb7+ Kg8 37. f4 Rc8 38. fxg5 fxg5 39. Rb4 axb3 40. axb3 Rc3+ 41. Kg2 Kg7 42. Rb6 Kh7 43. Rb7+ Kg8 44. b4 {[%cal Bb3b4,Bb4b5,Bb5b6][%mdl 32]} Rb3 45. b5 Kh8 46. b6 Kg8 47. f3 Rb2+ 48. Kf1 Kh8 49. Ke1 Kg8 50. Kd1 Kh8 51. Kc1 Rb3 52. Kc2 Rb5 53. Kc3 Rb1 54. Kc4 Kg8 55. Kd5 (55. Kc5 $142 Rc1+ 56. Kd5 Rb1 57. Ke5 Rb5+ 58. Kf6 Rb3 59. Kg6 Kf8 60. Kxh6) 55... Rb2 56. Ke6 {White mates.} Rb3 57. Kf6 Rd3 58. Re7 {Accuracy: White = 87%, Black = 28%.} 1-0

[Event "3rd Memorial Hulak 2018"]
[Site "Zagreb"]
[Date "2018.12.04"]
[Round "4.7"]
[White "Palac, Mladen"]
[Black "Bratovic, Blaz"]
[Result "1-0"]
[WhiteElo "2553"]
[BlackElo "2307"]
[Annotator "RC"]
[PlyCount "63"]
[EventDate "2018.11.26"]
[EventCountry "CRO"]
[SourceTitle "playchess.com"]
[Source "ChessBase"]
[SourceQuality "1"]

1. e4 c5 2. Nf3 Nc6 3. Bb5 Nf6 4. Bxc6 dxc6 5. d3 g6 6. Bd2 Bg7 7. Bc3 O-O 8. h3 b5 9. Nbd2 a5 10. O-O a4 11. Re1 h6 12. Qe2 Be6 13. Be5 a3 14. b3 Nd7 15. Bxg7 Kxg7 16. Qe3 f6 17. c4 Qb6 18. Rad1 Rad8 19. Nf1 Kh7 20. Ng3 Qc7 21. e5 Rde8 22. Ne4 Nxe5 23. Nxe5 Qxe5 24. Nxc5 Qxe3 25. Rxe3 Bc8 26. d4 g5 27. cxb5 cxb5 28. b4 Bf5 29. Rde1 e5 30. dxe5 Rxe5 31. g4 Bg6 32. Nd7 1-0

[Event "3rd Memorial Hulak 2018"]
[Site "Zagreb"]
[Date "2018.12.03"]
[Round "4.8"]
[White "Cvitan, Ognjen"]
[Black "Bozinovic, Bogdan"]
[Result "1-0"]
[WhiteElo "2503"]
[BlackElo "2237"]
[Annotator "TA"]
[PlyCount "51"]
[EventDate "2018.11.26"]
[EventCountry "CRO"]
[SourceTitle "playchess.com"]
[Source "ChessBase"]
[SourceQuality "1"]

{[%evp 24,51,26,27,22,31,62,12,6,9,56,40,80,84,85,85,57,19,179,95,104,117,429,420,511,502,514,504,479,479]} 1. d4 Nf6 2. c4 c5 3. d5 b5 4. Qc2 bxc4 5. e4 d6 6. Bxc4 g6 7. Nf3 Bg7 8. Nc3 Nbd7 9. h3 O-O 10. O-O Nb6 {A57: Benko/Volga Gambit} (10... Rb8 11. Re1 Nh5 12. Be2 Ne5 13. Nxe5 Bxe5 14. Bxh5 gxh5 15. Bh6 Re8 16. Qd2 Kh8 17. Bf4 Bd4 18. Be3 {0-1 (63) Dreev,A (2644)-Perunovic,M (2622) Berlin 2015}) 11. Be2 Ne8 12. Bf4 Nc7 13. Rad1 {LiveBook: 3 Games} Bb7 $146 14. a4 Na6 15. Bxa6 Bxa6 16. Rfe1 $1 Nc4 17. b3 Na5 18. e5 Qb6 19. exd6 exd6 20. Ne4 Rfd8 $2 {[#]} (20... Qxb3 $11 {and Black has nothing to worry.} 21. Qxb3 Nxb3) 21. Nfd2 (21. Bg5 $18) 21... h6 $16 22. Re3 {[%cal Be1e3,Be3e6,Be6a6][%mdl 32]} f5 $2 {[%mdl 8192]} (22... Bc8 $16 {is more resistant.}) 23. Nxd6 $1 $18 Rxd6 24. Bxd6 {White is clearly winning.} Qxd6 25. Re6 Qxd5 26. Rxa6 {Accuracy: White = 64%, Black = 27%.} 1-0